000 00355nam a2200157Ia 4500
999 _c56371
_d56371
003 0100
005 20180307143442.0
008 130303s9999 xx 000 0 und d
040 _cARRUPELIB
050 _aDT955.B8 1950
100 _aBullock, Charles
_940270
245 4 _aThe Mashona and the Matabele /
260 _aCape Town
_bJuta
_c1950
300 _a310p. 22cm
650 _aMashona
_936265
650 _aMatabele
_938745
942 _2lcc
_cMONOGRAPH